000 01914nam a2200505 i 4500
001 13817
003 KOSZ 005
005 20200623090600.0
008 200403s1971 pl a f f 000 0 pol
015 _aPB 1971/8980
040 _aWA N
_cWA N
_dKOSZ 005/EG
_dKOSZ 005/RW
041 1 _apol
_hger
046 _k1966
080 _a696
080 _a697
080 _a62-5
080 _a531.7
080 _a(075.3)
100 1 _aDümmel, Ulrich
_eAutor
245 1 0 _aPomiary i regulacja urządzeń ogrzewczych, wentylacyjnych i sanitarnych /
_cUlrich Dümmel, Hans Jürgen Müller ; tłumaczenie Maria Graczyk, Czesław Graczyk.
246 1 _iTytuł oryginału:
_aMessen und Regeln in der Heizungs-, Lüftungs- und Sanitärtechnik.
260 _aWarszawa :
_b"Arkady",
_c1971.
300 _a327, [1] stron :
_bilustracje ;
_c25 cm.
336 _aTekst
_btxt
_2rdacontent
337 _aBez urządzenia pośredniczącego
_bn
_2rdamedia
338 _aWolumin
_bnc
_2rdacarrier
380 _aKsiążki
380 _aPublikacje fachowe
388 _a1901-2000
388 _a1945-1989
504 _aBibliografia na stronach 327-[328].
521 8 _aKsiążka przeznaczona jest dla techników i inżynierów sanitarnych interesujących się zagadnieniem pomiarów, regulacji i sterowania.
650 7 _aPomiary
650 7 _aOgrzewanie
650 7 _aKlimatyzacja
650 7 _aInstalacje sanitarne
655 7 _aPodręczniki dla szkół zawodowych
658 _aInżynieria i technika
700 1 _aMüller, Hans Jürgen
_c(nauki techniczne)
_eAutor
700 1 _aGraczyk, Maria Leonia
_eTłumaczenie
700 1 _aGraczyk, Czesław
_eTłumaczenie
710 2 _aWydawnictwo Arkady
_4pbl
856 _uhttp://koha.tu.koszalin.pl/cgi-bin/koha/opac-detail.pl?biblionumber=13817
_yKatalog online BPK
942 _2UKD
_cKS
999 _c13817
_d13817